Το παραποτάμιο δάσος του Νέστου
CD-ROM που παρουσιάζει όλα τα οικοσυστήματα του δέλτα του ποταμού Νέστου, τα στενά του, την ιστορία, τα προβλήματα και το μέλλον της εν λόγω περιοχής. Περιέχει κείμενα, φωτογραφίες και ταινίες. Αναφέρει και τα κυρίαρχα είδη της πλούσιας χλωρίδας και πανίδας της περιοχής...
Αποθηκεύτηκε σε:
| Συλλογικό Έργο: | , |
|---|---|
| Μορφή: | Ηλεκτρονική πηγή |
| Γλώσσα: | Greek English |
| Δημοσίευση: |
Καβάλα :
FASMA Πληροφορική,
2000
|
| Θέματα: | |
| Ετικέτες: |
Προσθήκη ετικέτας
Δεν υπάρχουν, Καταχωρήστε ετικέτα πρώτοι!
|
MARC
| LEADER | 00000cmm a2200000 i 4500 | ||
|---|---|---|---|
| 001 | 1/53963 | ||
| 008 | 040506s2000 gr gre d | ||
| 035 | |l 10073185 | ||
| 040 | |a GR-MY-UA |b gre |e aacr | ||
| 041 | 0 | |a gre |a eng | |
| 082 | 0 | |a 577.68309495 |2 (21η εκδ.) | |
| 245 | 1 | 3 | |a Το παραποτάμιο δάσος του Νέστου |h [αρχείο Η/Υ] |
| 260 | |a Καβάλα : |b FASMA Πληροφορική, |c 2000 | ||
| 300 | |a 1 οπτική δισκέτα λάϊζερ H/Y; |c 4 3/4 ιν. | ||
| 520 | |a CD-ROM που παρουσιάζει όλα τα οικοσυστήματα του δέλτα του ποταμού Νέστου, τα στενά του, την ιστορία, τα προβλήματα και το μέλλον της εν λόγω περιοχής. Περιέχει κείμενα, φωτογραφίες και ταινίες. Αναφέρει και τα κυρίαρχα είδη της πλούσιας χλωρίδας και πανίδας της περιοχής | ||
| 538 | |a Απαιτήσεις συστήματος:Pentium; Windows 98; μνήμη RAM 64 MB; υψηλή ποιότητα χρωμάτων Vga 800x600; ποντίκι; καρτα ήχου 16 bit; CD-ROM x52 | ||
| 650 | 0 | |a Forests and forestry |z Greece |z Mesta River Delta. | |
| 650 | 0 | |a Hydrology, Forest |z Greece |z Mesta River Delta. | |
| 710 | 1 | |a Δασαρχείο Καβάλας. | |
| 710 | 1 | |a Κέντρο Υποδοχής Επισκεπτών Παραποτάμιου Δάσους Νέστου. | |
| 852 | |a INST |b LESVOS |c AV |e 20040506 |h 577.68309495 ΠΑΡ |p 005100028279 |q 005100028279 |t CDROM |y 23 | ||
| 901 | |a BIBL1-2004-2 | ||
| 909 | |a Λ |b 111212 | ||
| 920 | |a ΔΑΣΑΡΧΕΙΟ ΚΑΒΑΛΑΣ |y ΛΕΣΒΟΣ |z 2004-05 | ||
| 970 | |a ΜΑΡΙΝΑΤΟΥ |b ΜΥΡΣΙΝΗ |z 2004/05/06 | ||